Human growth and development (Record no. 40864)

MARC details
000 -LEADER
fixed length control field 00445nam a2200157Ia 4500
020 ## - INTERNATIONAL STANDARD BOOK NUMBER
ISBN 9788006353
050 ## - CALL MARK
Classification number QP 84 .H86/
100 ## - STATEMENT OF RESPONSIBILITY--MAIN AUTHOR NAME
Personal name Edited by Iroegbu, T. C.; Nkwocha, P. C.; Onyemerekeya, N. P. & Paul-Cookey N. R.
245 #0 - TITLE STATEMENT
Title Human growth and development
260 ## - PUBLICATION, DISTRIBUTION, ETC. (IMPRINT)
Name of publisher Digital Versatile Printers Ltd.
260 ## - PUBLICATION, DISTRIBUTION, ETC. (IMPRINT)
Year of publication 2018
300 ## - PHYSICAL DESCRIPTION
Number of Pages 426 p
942 ## - ADDED ENTRY ELEMENTS (KOHA)
Koha item type Books
Holdings
Withdrawn status Lost status Damaged status Not for loan Permanent Location Current Location Shelving location Date acquired Accession Number Price effective from Koha item type
        NILE UNIVERSITY OF NIGERIA - MAIN LIBRARY NILE UNIVERSITY OF NIGERIA - MAIN LIBRARY Items on shelf 06/03/2025 0192736 06/03/2025 Books
        NILE UNIVERSITY OF NIGERIA - MAIN LIBRARY NILE UNIVERSITY OF NIGERIA - MAIN LIBRARY Items on shelf 06/03/2025 0192737 06/03/2025 Books